| 000 -ლიდერი |
| ფიქსირებული სიგრძის საკონტროლო ველი |
01835nam a22002177a 4500 |
| 003 - საკონტროლო ნომრის იდენტიფიკატორი |
| საკონტროლო ველი |
Ge_BSU |
| 005 - ბოლო ოპერაციის თარიღი და დრო |
| საკონტროლო ველი |
20230712172503.0 |
| 008 - ფიქსირებული სიგრძის მონაცემთა ელემენტები - ზოგადი ინფორმაცია |
| ფიქსირებული სიგრძის საკონტროლო ველი |
230712s2009ge xxu||||| |||| 00| 0 geo d |
| 041 ## - ენის კოდი |
| Language code of text/sound track or separate title |
geo |
| 080 ## - უნივერსალური ათობითი კლასიფიკაციის ინდექსი |
| Universal Decimal Classification number |
821.353.1.092 ა-12 |
| 100 ## - მთავარი ჩანაწერი - პიროვნების სახელი |
| Personal name |
აბაშიძე, ირინე. შემდგენელი |
| 9 (RLIN) |
19283 |
| 245 ## - ცნობა სათაურის შესახებ |
| Title |
ირაკლი აბაშიძე, 100 / |
| Statement of responsibility, etc |
ირინე აბაშიძე, შემდგ. რედ. მარინე თუშიშვილი ; მხატ: გიორგი წერეთელი. |
| 264 ## - წარმოების, გამოცემის, დისტრიბუციის და სხვა ცნობები |
| გამოცემის, წარმოების, დისტრიბუციის... ადგილი |
თბილისი, |
| გამოცემის, წარმოების, დისტრიბუციის... თარიღი |
[2009]. |
| 300 ## - ფიზიკური აღწერა |
| Extent |
44 გვ. : |
| Other physical details |
ფოტ. ; |
| Dimensions |
20 სმ. |
| 500 ## - ზოგადი შენიშვნა |
| General note |
ჯვრის მონასტრის ფოტოები გადაღებულია ექსპედიციის დროს. რუსთაველის ფრესკის ფერადი ფოტო ეკუთვნის დავით ცხადაძეს. |
| 653 ## - INDEX TERM--UNCONTROLLED |
| Uncontrolled term |
აბაშიძე, ირაკლი, 1909-1992. ქართველი პოეტები. |
| 700 ## - ADDED ENTRY--PERSONAL NAME |
| Personal name |
თუშიშვილი, მარინე |
| Relator term |
რედაქტორი |
| 9 (RLIN) |
19284 |
| 700 ## - ADDED ENTRY--PERSONAL NAME |
| Personal name |
წერეთელი, გიორგი |
| Relator term |
მხატვარი |
| 9 (RLIN) |
19285 |
| 710 ## - ADDED ENTRY--CORPORATE NAME |
| Corporate name or jurisdiction name as entry element |
საქართველოს კულტურის, ძეგლთა დაცვისა და სპორტის სამინისტრო, საქართველოს მეცნიერებათა ეროვნული აკადემია, ქართული ენციკლოპედიის ირაკლი აბაშიძის სახელობის მთავარი სამეცნიერო რედაქცია ; |
| 9 (RLIN) |
19286 |
| 942 ## - ADDED ENTRY ELEMENTS (KOHA) |
| Source of classification or shelving scheme |
|
| Koha item type |
წიგნი |